[Event "6th EUR-ch (w)"]
[Site "Chisinau MDA"]
[Date "2005.06.22"]
[Round "11"]
[White "Vozovic, Oksana"]
[Black "Sarakauskiene, Zivile"]
[Result "1-0"]
[WhiteElo "2288"]
[BlackElo "2177"]
[EventDate "2005.06.10"]
[PlyCount "81"]

1.e4 c5 2.Nf3 e6 3.b3 Nc6 4.Bb2 Nf6 5.e5 Nd5 6.c4 Nc7 7.g3 Be7 8.Bg2 O-O 
9.O-O Ne8 10.d4 cxd4 11.Nxd4 Qc7 12.Re1 b6 13.Nb5 Qb8 14.Nd2 a6 15.Nc3 Ra7
16.f4 Bb7 17.Nde4 Ba8 18.Qe2 Nd4 19.Qd3 Nf5 20.Rad1 d6 21.exd6 Nexd6 22.
Nxd6 Qxd6 23.Bxa8 Raxa8 24.Qf3 Qc7 25.Ne4 b5 26.Rc1 Qa5 27.c5 Qxa2 28.Re2 
Qa5 29.g4 Nh4 30.Qh3 Ng6 31.Qe3 Qc7 32.f5 exf5 33.gxf5 Ne5 34.f6 Bxf6 35.
Nxf6+ gxf6 36.Qg3+ Kh8 37.Rxe5 Rg8 38.Rg5 Qc6 39.Kf2 Rgd8 40.Qf4 h6 41.
Qxf6+ 1-0

[Event "6th EUR-ch (w)"]
[Site "Chisinau MDA"]
[Date "2005.06.22"]
[Round "11"]
[White "Koskoska, Gabriela"]
[Black "Guseva, Marina"]
[Result "0-1"]
[WhiteElo "2230"]
[BlackElo "2264"]
[EventDate "2005.06.10"]
[PlyCount "104"]

1.e4 c6 2.d4 d5 3.Nc3 dxe4 4.Nxe4 Nf6 5.Ng5 Bg4 6.Be2 Bxe2 7.Nxe2 e6 8.O-O
Bd6 9.Bf4 O-O 10.Qd3 Qc7 11.Bxd6 Qxd6 12.Ng3 Nbd7 13.N3e4 Nxe4 14.Nxe4 Qe7
15.Rfe1 Rfd8 16.c3 Nf6 17.Qg3 Nxe4 18.Rxe4 Rd5 19.Rae1 Rad8 20.Re5 Qd6 21.
h4 h6 22.b4 b5 23.a3 a5 24.Rxd5 cxd5 25.Qxd6 Rxd6 26.f4 Kf8 27.Kf2 Rc6 28.
Re3 axb4 29.axb4 h5 30.Ke2 g6 31.Kf3 Ke7 32.g4 hxg4+ 33.Kxg4 Kf6 34.Rh3 
Rc8 35.h5 gxh5+ 36.Rxh5 Rxc3 37.f5 Rd3 38.Rh6+ Kg7 39.Rh1 Rxd4+ 40.Kg5 f6+
41.Kh5 exf5 42.Rf1 Rxb4 43.Rxf5 Re4 44.Rf1 Kf7 45.Ra1 Ke6 46.Ra6+ Ke5 47.
Rb6 b4 48.Kg6 Rg4+ 49.Kf7 f5 50.Re6+ Kd4 51.Kf6 b3 52.Kxf5 Re4 0-1

[Event "6th EUR-ch (w)"]
[Site "Chisinau MDA"]
[Date "2005.06.22"]
[Round "11"]
[White "Olarasu, Gabriela"]
[Black "Tsoganova, Monika"]
[Result "1/2-1/2"]
[WhiteElo "2353"]
[BlackElo "2211"]
[EventDate "2005.06.10"]
[PlyCount "167"]

1.d4 Nf6 2.c4 e6 3.Nc3 Bb4 4.Qc2 c5 5.dxc5 Bxc5 6.Nf3 Qb6 7.e3 Qc7 8.Be2 
b6 9.b3 Bb7 10.Bb2 a6 11.a3 Be7 12.Rc1 d6 13.O-O Nbd7 14.Rfe1 O-O 15.e4 
Rac8 16.Bf1 Rfe8 17.Nd4 Bf8 18.Qd1 g6 19.Rc2 Qb8 20.Rce2 Bg7 21.g3 Nc5 22.
Ba1 Qa8 23.Qb1 e5 24.Nf3 Nfxe4 25.Nxe4 Nxe4 26.Rxe4 f5 27.R4e3 Bxf3 28.Qd3
Qc6 29.Qc3 Rc7 30.b4 Bh5 31.Qb3 Kh8 32.f4 Rce7 33.c5 bxc5 34.b5 Qb6 35.
bxa6 Qa7 36.Qd5 c4 37.Kh1 Qxa6 38.Bxc4 Qa8 39.Qxa8 Rxa8 40.fxe5 dxe5 41.
Bxe5 Rxe5 42.Rxe5 Bxe5 43.Rxe5 Bf3+ 44.Kg1 Rxa3 45.Re7 Rc3 46.Bf1 Be4 47.
Kf2 Rc2+ 48.Kg1 h5 49.Ra7 Kg8 50.Re7 Bd5 51.Ra7 Bf7 52.Bg2 Rd2 53.Bf1 Rd4 
54.Kf2 h4 55.gxh4 Rxh4 56.h3 Kg7 57.Bg2 Kf6 58.Ra6+ Kg5 59.Ra3 Rb4 60.Rg3+
Kf6 61.Ra3 Rb2+ 62.Kg1 Bc4 63.Rc3 Be6 64.Ra3 Rd2 65.Ra5 Kg5 66.Re5 Bc4 67.
Ra5 Bb3 68.Rb5 Bd1 69.Rd5 Rxd5 70.Bxd5 Kf4 71.Kf2 Bc2 72.Bf7 Kg5 73.h4+ 
Kf6 74.Be8 Kg7 75.Kg3 Kh6 76.Bb5 Bd1 77.Bd3 Kg7 78.Kf4 Kf6 79.Bc4 Bh5 80.
Bb3 Ke7 81.Ke5 Bf3 82.Be6 Be4 83.h5 gxh5 84.Bxf5 1/2-1/2

[Event "6th EUR-ch (w)"]
[Site "Chisinau MDA"]
[Date "2005.06.22"]
[Round "11"]
[White "Burtasova, Anna"]
[Black "Zozulia, Anna"]
[Result "0-1"]
[WhiteElo "2223"]
[BlackElo "2343"]
[EventDate "2005.06.10"]
[PlyCount "84"]

1.e4 g6 2.d4 Bg7 3.Nf3 d6 4.c3 Nf6 5.Nbd2 O-O 6.a4 Nbd7 7.Be2 e5 8.dxe5 
dxe5 9.b3 Re8 10.Ba3 Nh5 11.O-O Nf4 12.Bc4 Nb6 13.Qc2 Bg4 14.h3 Nxc4 15.
bxc4 Be6 16.Rfd1 Qf6 17.Rab1 b6 18.c5 g5 19.Nh2 h5 20.Ndf1 g4 21.hxg4 hxg4
22.Ne3 Qg5 23.g3 Nh5 24.Bc1 Qg6 25.Nf5 Nf6 26.Re1 Bf8 27.cxb6 axb6 28.Ra1 
Qh5 29.Nh4 Bd7 30.Nf1 Bc6 31.Nd2 Qh7 32.Qd1 Bh6 33.Nf5 Bg5 34.Qe2 Bd7 35.
Ne3 Kg7 36.Nd5 Rh8 37.f4 Qh1+ 38.Kf2 Rh2+ 39.Ke3 Rxe2+ 40.Rxe2 Nxd5+ 41.
exd5 exf4+ 42.gxf4 Re8+ 0-1

[Event "6th EUR-ch (w)"]
[Site "Chisinau MDA"]
[Date "2005.06.22"]
[Round "11"]
[White "Calotescu, Ana-Cristina"]
[Black "Mamedyarova, Turkan"]
[Result "1-0"]
[WhiteElo "2268"]
[BlackElo "2221"]
[EventDate "2005.06.10"]
[PlyCount "97"]

1.c4 e5 2.Nc3 Nc6 3.g3 g6 4.Bg2 Bg7 5.e4 Nge7 6.Nge2 O-O 7.O-O d6 8.d3 h6 
9.Rb1 f5 10.b4 f4 11.gxf4 exf4 12.f3 g5 13.d4 Ng6 14.b5 Nce7 15.Rf2 Nh4 
16.Kh1 Neg6 17.Bf1 g4 18.fxg4 Bxg4 19.Qd3 c5 20.bxc6 bxc6 21.h3 f3 22.Ng3 
Bd7 23.Nh5 Qa5 24.Nxg7 Kxg7 25.Rb7 Rf7 26.c5 dxc5 27.Qe3 Rh8 28.dxc5 Qd8 
29.Qd4+ Kh7 30.Rd2 Nf8 31.e5 Qg5 32.Ne4 Qh5 33.Nf6+ Rxf6 34.exf6 Nf5 35.
Bd3 Rg8 36.Rxd7+ Kh8 37.Bxf5 Qxf5 38.Rg7 Qxh3+ 39.Kg1 Ne6 40.Rxg8+ Kxg8 
41.f7+ Kxf7 42.Qd7+ Kf8 43.Qc8+ Kf7 44.Rd7+ Kg6 45.Qe8+ Kf5 46.Qf7+ Ke5 
47.Bb2+ Ke4 48.Qg6+ Kf4 49.Qf6+ 1-0

[Event "6th EUR-ch (w)"]
[Site "Chisinau MDA"]
[Date "2005.06.22"]
[Round "11"]
[White "Cherednichenko, Svetlana"]
[Black "Tarasova, Viktoria"]
[Result "1/2-1/2"]
[WhiteElo "2230"]
[BlackElo "2268"]
[EventDate "2005.06.10"]
[PlyCount "149"]

1.d4 Nf6 2.c4 g6 3.Nc3 Bg7 4.e4 d6 5.Nf3 O-O 6.Be2 e5 7.O-O Nc6 8.d5 Ne7 
9.Ne1 Nd7 10.Nd3 f5 11.Bd2 Nf6 12.f3 Kh8 13.c5 c6 14.cxd6 Qxd6 15.dxc6 
Nxc6 16.Be3 b6 17.Qd2 Be6 18.Rfd1 Rfd8 19.Kh1 Rac8 20.Qe1 Qe7 21.Rac1 Ne8 
22.b3 Nd4 23.Nb2 Nxe2 24.Qxe2 Rxd1+ 25.Ncxd1 Rxc1 26.Bxc1 Qc7 27.Nd3 fxe4 
28.fxe4 Nd6 29.Bb2 Nb5 30.h3 Nd4 31.Qd2 h6 32.N1f2 Kh7 33.Qc3 Qd7 34.Qd2 
Qc7 35.Qc3 Qd7 36.Qc1 Bf6 37.Qe3 Qd6 38.Qg3 Nc6 39.Bc3 a5 40.Bb2 Kg7 41.
Qe3 Nd4 42.Qc1 Ne2 43.Qe3 Nd4 44.h4 Kh7 45.g3 Bd7 46.Kg2 Bg7 47.Ne1 Bc6 
48.Nf3 Nxf3 49.Kxf3 Bb5 50.Kg2 Ba6 51.Bc3 Bb5 52.Qd2 Qxd2 53.Bxd2 Be2 54.
Bc3 Kg8 55.Nh3 Kf7 56.Kf2 Ba6 57.Ng1 Ke6 58.Nf3 Kd6 59.Ke3 Bf6 60.Kd2 Bb7 
61.Ke3 Ba6 62.Bb2 h5 63.Nd2 Kc6 64.Nb1 Kd6 65.Nc3 Bb7 66.Ba3+ Ke6 67.Na4 
Bd8 68.Nc3 Bc6 69.Bb2 b5 70.Nd1 Bb6+ 71.Kd3 Bc5 72.Ne3 Bb6 73.Bc3 Bxe3 74.
Kxe3 a4 75.b4 1/2-1/2

[Event "6th EUR-ch (w)"]
[Site "Chisinau MDA"]
[Date "2005.06.22"]
[Round "11"]
[White "Fakhiridou, Ekaterini"]
[Black "Kalinina, Olga"]
[Result "1-0"]
[WhiteElo "2247"]
[BlackElo "2022"]
[EventDate "2005.06.10"]
[PlyCount "49"]

1.e4 e5 2.Nf3 d6 3.Nc3 Nf6 4.g3 Be7 5.Bg2 O-O 6.O-O c6 7.d4 exd4 8.Nxd4 
Re8 9.a4 Bf8 10.a5 Bg4 11.f3 Bd7 12.g4 h6 13.Kh1 Re5 14.Nb3 c5 15.Bf4 c4 
16.Bxe5 dxe5 17.Nd2 Qc7 18.Nd5 Nxd5 19.exd5 Bb5 20.c3 Na6 21.Qe2 Nc5 22.b3
Nd3 23.bxc4 Bxc4 24.Nxc4 Qxc4 25.Rfd1 1-0

[Event "6th EUR-ch (w)"]
[Site "Chisinau MDA"]
[Date "2005.06.22"]
[Round "11"]
[White "Mirzoeva, Elmira"]
[Black "Mar, Karmen"]
[Result "1-0"]
[WhiteElo "2232"]
[BlackElo "2119"]
[EventDate "2005.06.10"]
[PlyCount "87"]

1.e4 c5 2.Nf3 d6 3.d4 cxd4 4.Qxd4 Nc6 5.Bb5 Bd7 6.Bxc6 Bxc6 7.Nc3 Nf6 8.
Bg5 e6 9.O-O-O Be7 10.Rhe1 O-O 11.Kb1 Rc8 12.Qd3 Qa5 13.h4 h6 14.Bd2 Qa6 
15.Qxa6 bxa6 16.Nd4 Bd7 17.f3 Rc7 18.g4 Rb8 19.g5 Nh5 20.Rg1 Kh7 21.f4 
Rcb7 22.b3 e5 23.Nf5 Bxf5 24.exf5 exf4 25.Nd5 Rc8 26.Rde1 Bf8 27.Rg2 Ng3 
28.f6 g6 29.Bxf4 Nh5 30.Bh2 a5 31.Ne7 Bxe7 32.fxe7 Re8 33.Bxd6 Rd7 34.Ba3 
Ng7 35.Kc1 h5 36.Rd2 Rxd2 37.Kxd2 Nf5 38.Re4 Kg7 39.Bb2+ Kg8 40.Bf6 a6 41.
c4 Ng7 42.Rd4 Ne6 43.Rd8 Nc7 44.Be5 1-0

[Event "6th EUR-ch (w)"]
[Site "Chisinau MDA"]
[Date "2005.06.22"]
[Round "11"]
[White "Meshcheriakova, Evgenia"]
[Black "Sirotkina, Nina"]
[Result "1-0"]
[WhiteElo "2193"]
[BlackElo "2206"]
[EventDate "2005.06.10"]
[PlyCount "73"]

1.e4 d6 2.Nf3 Nf6 3.Nc3 g6 4.d4 Bg7 5.Bf4 c5 6.dxc5 Qa5 7.Nd2 Qxc5 8.Nb3 
Qc7 9.Qd2 O-O 10.Bh6 a6 11.Be2 Be6 12.h4 b5 13.h5 b4 14.Nd5 Bxd5 15.Bxg7 
Kxg7 16.hxg6 fxg6 17.exd5 Rf7 18.Qh6+ Kg8 19.Bd3 Ng4 20.Qh4 Nxf2 21.Bxg6 
Nxh1 22.Bxf7+ Kxf7 23.O-O-O Ng3 24.Qxh7+ Ke8 25.Qg8+ Kd7 26.Qxg3 Qc4 27.
Qe3 a5 28.Qe6+ Kd8 29.Rh1 Qf4+ 30.Nd2 Qd4 31.Rf1 a4 32.Rf8+ Kc7 33.Nf3 Qg7
34.Rf7 Qxg2 35.Qxe7+ Kb6 36.Qc7+ Kb5 37.Nd4+ 1-0

[Event "6th EUR-ch (w)"]
[Site "Chisinau MDA"]
[Date "2005.06.22"]
[Round "11"]
[White "Van Weersel, Arlette"]
[Black "Voicu, Carmen"]
[Result "1/2-1/2"]
[WhiteElo "2158"]
[BlackElo "2310"]
[EventDate "2005.06.10"]
[PlyCount "91"]

1.e4 c5 2.c4 Nc6 3.Ne2 g6 4.d4 cxd4 5.Nxd4 Bg7 6.Be3 d6 7.Be2 Nf6 8.Nc3 
Bd7 9.Nb3 O-O 10.O-O Ne5 11.f3 a6 12.Rc1 Rc8 13.Nd5 Nxd5 14.cxd5 Ba4 15.
Qd2 Bxb3 16.axb3 Qd7 17.Rc3 f5 18.exf5 Qxf5 19.Rfc1 Nf7 20.Rc7 Rxc7 21.
Rxc7 Qb1+ 22.Qc1 Qa2 23.Rxb7 Bxb2 24.Qc2 Qa1+ 25.Qd1 Qxd1+ 26.Bxd1 Bf6 27.
Kf1 Rc8 28.Ke2 Kg7 29.Ra7 Rb8 30.Rxa6 Rb5 31.Rb6 Rxd5 32.b4 Ne5 33.Bb3 Rd3
34.Be6 Rc3 35.Rb8 h5 36.b5 Rc2+ 37.Kd1 Rb2 38.Bc1 Rb4 39.Bd2 Rd4 40.Kc2 d5
41.b6 Nc6 42.Rc8 Nb4+ 43.Kc1 Na2+ 44.Kc2 Nb4+ 45.Kc1 Na2+ 46.Kc2 1/2-1/2

[Event "6th EUR-ch (w)"]
[Site "Chisinau MDA"]
[Date "2005.06.22"]
[Round "11"]
[White "Schuurman, Petra"]
[Black "Partac, Elena"]
[Result "0-1"]
[WhiteElo "2288"]
[BlackElo "2190"]
[EventDate "2005.06.10"]
[PlyCount "62"]

1.d4 Nf6 2.c4 e6 3.Nc3 Bb4 4.Qc2 c5 5.dxc5 Bxc5 6.Nf3 Qb6 7.e3 Qc7 8.b3 b6
9.Bb2 a6 10.Be2 Bb7 11.g4 h6 12.Rg1 Nc6 13.O-O-O O-O-O 14.h4 d5 15.g5 hxg5
16.hxg5 Nb4 17.Qb1 Ne4 18.Nxe4 dxe4 19.Ne5 Rh2 20.Ng4 Rxf2 21.Rd2 Bxe3 22.
Nxe3 Rxd2 23.Kxd2 Qd6+ 24.Ke1 Qh2 25.Rg2 Rxg2 26.Nxg2 Qg1+ 27.Bf1 e3 28.
Nxe3 Qxe3+ 29.Be2 Be4 30.Qd1 Nd3+ 31.Kf1 Qf2# 0-1

[Event "6th EUR-ch (w)"]
[Site "Chisinau MDA"]
[Date "2005.06.22"]
[Round "11"]
[White "Ptacnikova, Lenka"]
[Black "Golubenko, Valentina"]
[Result "1-0"]
[WhiteElo "2277"]
[BlackElo "2171"]
[EventDate "2005.06.10"]
[PlyCount "137"]

1.c4 Nf6 2.g3 c5 3.Bg2 Nc6 4.Nc3 d6 5.Nf3 g6 6.O-O Bg7 7.d4 cxd4 8.Nxd4 
Nxd4 9.Qxd4 O-O 10.Qh4 Qc7 11.Bg5 Be6 12.b3 Qa5 13.Rac1 Rab8 14.Bh6 Rfc8 
15.Bxg7 Kxg7 16.Rfd1 Rc5 17.Qd4 Kg8 18.e4 Rbc8 19.Rb1 Qd8 20.Na4 Ra5 21.e5
Rxe5 22.Bxb7 Rb8 23.Bg2 Qc7 24.Rbc1 Nd7 25.Bd5 Bxd5 26.cxd5 Qa5 27.Rd2 Nf6
28.Nc3 Rc8 29.b4 Qa6 30.Rdc2 Rc4 31.Qd3 Qc8 32.a3 Rh5 33.Ne4 Rxc2 34.Nxf6+
exf6 35.Rxc2 Qh3 36.f4 Rf5 37.Qe4 Qh5 38.Rd2 Kg7 39.Kg2 Qh6 40.Rc2 Qh5 41.
Rd2 Qh6 42.b5 Rh5 43.Kg1 g5 44.Rg2 Kf8 45.Qb4 f5 46.Qd4 Qg7 47.Qxg7+ Kxg7 
48.Rf2 Kf6 49.Kg2 Rh6 50.fxg5+ Kxg5 51.Rf4 Rg6 52.Ra4 Rg8 53.Rxa7 Rb8 54.
a4 Kf6 55.Kf3 Ke5 56.h4 Kxd5 57.Rxf7 Ra8 58.Rxf5+ Ke6 59.Rf4 Rb8 60.Rb4 
Kd5 61.b6 Kc5 62.Rb5+ Kc6 63.b7 Kc7 64.a5 Rf8+ 65.Ke4 Kb8 66.a6 Rg8 67.Kd5
Rf8 68.g4 Re8 69.Kc6 1-0

[Event "6th EUR-ch (w)"]
[Site "Chisinau MDA"]
[Date "2005.06.22"]
[Round "11"]
[White "Laesson, Tuulikki"]
[Black "Khudaverdieva, Afag"]
[Result "1-0"]
[WhiteElo "2246"]
[BlackElo "2187"]
[EventDate "2005.06.10"]
[PlyCount "79"]

1.e4 e6 2.Qe2 Qe7 3.Nf3 d5 4.e5 c5 5.g3 Nc6 6.Bg2 g6 7.O-O Bg7 8.d3 Qc7 9.
Re1 h6 10.h4 Nge7 11.c3 b6 12.a4 Bb7 13.Bf4 d4 14.Na3 dxc3 15.Nb5 Qd7 16.
Nd6+ Kf8 17.bxc3 Ba6 18.Nd2 Rd8 19.N2c4 Kg8 20.Rad1 Nd5 21.Ne4 Nxf4 22.
gxf4 Ne7 23.Ncd6 Nf5 24.h5 Nxd6 25.Nxd6 Bf8 26.hxg6 fxg6 27.Qg4 Kh7 28.Ne4
Be7 29.Re3 Rdf8 30.Bh3 Bc8 31.Rg3 Rhg8 32.Bg2 Qe8 33.d4 c4 34.Rh3 Qf7 35.
Ng5+ Bxg5 36.Qxg5 h5 37.Bf3 Kg7 38.Rxh5 Rh8 39.Rxh8 Rxh8 40.Kg2 1-0

[Event "6th EUR-ch (w)"]
[Site "Chisinau MDA"]
[Date "2005.06.22"]
[Round "11"]
[White "Ionica, Iulia-Ionela"]
[Black "Ankerst, Milka"]
[Result "1-0"]
[WhiteElo "2245"]
[BlackElo "2124"]
[EventDate "2005.06.10"]
[PlyCount "81"]

1.e4 c5 2.Nf3 a6 3.d4 cxd4 4.Nxd4 Nf6 5.Bd3 e5 6.Nb3 d5 7.exd5 Qxd5 8.O-O 
Be7 9.Nc3 Qd6 10.Nd2 Nbd7 11.Nc4 Qc7 12.Ne3 Nb6 13.a4 Be6 14.Nf5 Bxf5 15.
Bxf5 g6 16.Bd3 O-O 17.Qe2 Rac8 18.Re1 Bd6 19.Qf3 e4 20.Nxe4 Nxe4 21.Bxe4 
Rfe8 22.Bh6 Rb8 23.g3 Be5 24.c3 Nc4 25.b3 Nd6 26.Rac1 Bg7 27.Bxg7 Kxg7 28.
Bd5 h5 29.h4 b6 30.Kg2 Rbc8 31.c4 a5 32.Qc3+ f6 33.Rxe8 Rxe8 34.c5 Ne4 35.
Qe3 f5 36.cxb6 Qe5 37.Rc7+ Re7 38.Rxe7+ Qxe7 39.b7 Qd6 40.Bxe4 fxe4 41.Qa7
1-0

[Event "6th EUR-ch (w)"]
[Site "Chisinau MDA"]
[Date "2005.06.22"]
[Round "11"]
[White "Dragomirescu, Angela"]
[Black "Kuzevanova, Evgenia"]
[Result "1/2-1/2"]
[WhiteElo "2241"]
[BlackElo "2124"]
[EventDate "2005.06.10"]
[PlyCount "86"]

1.d4 Nf6 2.c4 g6 3.Nc3 d5 4.Bg5 Ne4 5.Bh4 Nxc3 6.bxc3 dxc4 7.e3 Be6 8.Qb1 
b6 9.Nf3 Bg7 10.Ng5 Bd5 11.e4 h6 12.exd5 hxg5 13.Qb5+ Kf8 14.Bxg5 Qd6 15.
O-O-O c6 16.dxc6 Nxc6 17.Bxc4 Bf6 18.h4 Rc8 19.Kb2 Na5 20.Bb3 Qc7 21.Bxf6 
exf6 22.Qb4+ Kg7 23.g3 Rh5 24.d5 Nxb3 25.axb3 a5 26.Qd4 Qd6 27.Rd2 b5 28.
Rhd1 Re5 29.f4 Re7 30.h5 Rce8 31.hxg6 fxg6 32.Rh1 a4 33.Qf2 axb3 34.Qh2 
Rg8 35.Qh6+ Kf7 36.Ra1 b4 37.c4 Qc5 38.Qh7+ Rg7 39.Qh8 Qxc4 40.Rc1 Qa6 41.
Ra1 Qc4 42.Rc1 Qa6 43.Ra1 Qc4 1/2-1/2

[Event "6th EUR-ch (w)"]
[Site "Chisinau MDA"]
[Date "2005.06.22"]
[Round "11"]
[White "Bensdorp, Marlies"]
[Black "Seps, Monika"]
[Result "1-0"]
[WhiteElo "2232"]
[BlackElo "2116"]
[EventDate "2005.06.10"]
[PlyCount "87"]

1.d4 e6 2.c4 Nf6 3.Nc3 Bb4 4.Qc2 c5 5.dxc5 O-O 6.a3 Bxc5 7.Nf3 Qc7 8.Bg5 
Be7 9.e3 d6 10.Be2 a6 11.O-O Nbd7 12.Rfd1 b6 13.Rac1 Bb7 14.b4 Rac8 15.Qb3
Qb8 16.h3 Rfd8 17.Bf4 Ne4 18.Nxe4 Bxe4 19.Nd2 Bb7 20.Bf3 Nf6 21.e4 Qa8 22.
e5 dxe5 23.Bxe5 Bxf3 24.Nxf3 Rxd1+ 25.Rxd1 Qe4 26.Bd4 b5 27.c5 h6 28.Qb2 
Ne8 29.Be5 Bf6 30.Bxf6 Nxf6 31.Rd4 Qb7 32.Nd2 Qa8 33.Qc3 Rd8 34.Nb3 Rxd4 
35.Nxd4 Qe4 36.c6 Nd5 37.Qd2 Nc7 38.f3 Qd5 39.Qc3 e5 40.Nf5 Qe6 41.Ne3 Qd6
42.Nf5 Qe6 43.Qd3 Nd5 44.Qxd5 1-0

[Event "6th EUR-ch (w)"]
[Site "Chisinau MDA"]
[Date "2005.06.22"]
[Round "11"]
[White "Lupik, Marina"]
[Black "Lematschko, Tatjana"]
[Result "1-0"]
[WhiteElo "2123"]
[BlackElo "2231"]
[EventDate "2005.06.10"]
[PlyCount "161"]

1.d4 d5 2.c4 e6 3.Nc3 Nf6 4.Nf3 c6 5.e3 Nbd7 6.Bd3 dxc4 7.Bxc4 b5 8.Bd3 b4
9.Na4 c5 10.e4 Bb7 11.e5 Nd5 12.O-O Qa5 13.Re1 Bc6 14.Nxc5 Nxc5 15.dxc5 
Bxc5 16.Bd2 Qb6 17.Qe2 h6 18.Rac1 O-O 19.Rxc5 Qxc5 20.Rc1 Qb6 21.Qe4 g6 
22.Bxh6 Rfc8 23.Qg4 Be8 24.Re1 b3 25.a3 Rc2 26.Bxc2 bxc2 27.Bc1 Qb3 28.Qh4
Qd3 29.Ng5 Qd1 30.Qh7+ Kf8 31.Nxe6+ Ke7 32.Qh4+ Kd7 33.Nf8+ Kc7 34.f3 Bc6 
35.Nh7 Rh8 36.Kf2 Rxh7 37.Qxh7 Qd4+ 38.Kg3 Qd1 39.Qxf7+ Kb8 40.Kf2 Qd4+ 
41.Be3 Qxe3+ 42.Rxe3 c1=Q 43.Qf8+ Kb7 44.Re2 Bb5 45.Qf7+ Nc7 46.Qxg6 Qc5+ 
47.Kg3 Bxe2 48.Qe4+ Nd5 49.Qxe2 Ne3 50.f4 Nf5+ 51.Kg4 Nd4 52.Qe4+ Kc7 53.
f5 Nc6 54.e6 Qe7 55.Qf4+ Kb6 56.Qg5 Ne5+ 57.Kh4 Qh7+ 58.Kg3 Nc6 59.Qe3+ 
Kb7 60.Qg5 Qc7+ 61.Kf2 Qe5 62.h4 Qxb2+ 63.Kg1 Qa1+ 64.Kh2 Qxa3 65.Qg7+ Kb6
66.Qd7 Qb4 67.g3 Qe1 68.Qd3 Qe5 69.Qf3 Nd4 70.Qf2 Kc6 71.e7 Kd7 72.f6 Qe2 
73.Qxe2 Nxe2 74.h5 Nd4 75.h6 Nf3+ 76.Kh3 Ng5+ 77.Kg4 Nh7 78.Kf5 a5 79.Kg6 
a4 80.Kf7 Nxf6 81.h7 1-0

[Event "6th EUR-ch (w)"]
[Site "Chisinau MDA"]
[Date "2005.06.22"]
[Round "11"]
[White "Alexanian, Nelli"]
[Black "Minina, Veronika"]
[Result "1-0"]
[WhiteElo "2211"]
[BlackElo "2059"]
[EventDate "2005.06.10"]
[PlyCount "68"]

1.d4 d5 2.c4 c6 3.Nc3 Nf6 4.Nf3 e6 5.Bg5 h6 6.Bh4 dxc4 7.e4 g5 8.Bg3 b5 9.
Be2 Bb7 10.O-O Nbd7 11.Qc2 Nb6 12.Rad1 Be7 13.Ne5 h5 14.f4 g4 15.f5 b4 16.
fxe6 fxe6 17.Na4 Nxa4 18.Qxa4 h4 19.Be1 Qc7 20.Bxc4 Nxe4 21.Bxe6 g3 22.
Bf7+ Kd8 23.h3 a5 24.d5 c5 25.d6 Nxd6 26.Be6 Rh7 27.Rf7 Rh6 28.Bg4 Ra6 29.
Rg7 Rf6 30.Rf7 Rh6 31.Bd2 Rf6 32.Bg5 c4 33.Rxf6 Qc5+ 34.Kh1 Bxf6 1-0

[Event "6th EUR-ch (w)"]
[Site "Chisinau MDA"]
[Date "2005.06.22"]
[Round "11"]
[White "Doibani, Lilia"]
[Black "Grishina, Alexandra"]
[Result "0-1"]
[WhiteElo "2185"]
[BlackElo "2065"]
[EventDate "2005.06.10"]
[PlyCount "136"]

1.e4 c5 2.Nc3 Nc6 3.Bb5 g6 4.Bxc6 dxc6 5.d3 Bg7 6.f4 e6 7.e5 h5 8.Ne4 Ne7 
9.Be3 b6 10.Nd6+ Kf8 11.Nf3 Nf5 12.Nxf5 exf5 13.O-O Be6 14.a4 Kg8 15.a5 
Kh7 16.Ng5+ Kh6 17.Qf3 Qd5 18.Qg3 Rhe8 19.Ra3 Bf8 20.b3 b5 21.Raa1 Rad8 
22.Qf2 a6 23.g4 Be7 24.gxh5 gxh5 25.Qe2 Bxg5 26.fxg5+ Kg6 27.Bf4 Bc8 28.
Rad1 Qe6 29.Rf3 Bb7 30.Rh3 Rh8 31.c4 Rd4 32.Qf3 Bc8 33.Kf2 Rdd8 34.Qe3 Qe7
35.Ke2 Be6 36.Rd2 bxc4 37.dxc4 Rxd2+ 38.Kxd2 Rd8+ 39.Kc2 Qd7 40.Qe2 Rh8 
41.Rd3 Qc7 42.Qd2 Rb8 43.Rd6 Rb4 44.Qc3 Qxa5 45.Bd2 Qa2+ 46.Qb2 Qxb2+ 47.
Kxb2 Rb6 48.h4 f4 49.Bxf4 Kf5 50.Be3 Bxc4 51.Bxc5 Rxb3+ 52.Kc2 Kxe5 53.
Rxc6 Rh3 54.g6 fxg6 55.Be7 Bb5 56.Rc3 Rh2+ 57.Kb3 Rg2 58.Kb4 Rg4+ 59.Kb3 
Ke6 60.Bg5 Rxg5 61.hxg5 Kf5 62.Rg3 Kf4 63.Rg1 h4 64.Kc3 h3 65.Kd4 h2 66.
Rh1 Kg3 67.Ra1 Kg2 68.Ra2+ Kg1 0-1

[Event "6th EUR-ch (w)"]
[Site "Chisinau MDA"]
[Date "2005.06.22"]
[Round "11"]
[White "Stiri, Alexandra"]
[Black "Foisor, Mihaela-Veronica"]
[Result "1-0"]
[WhiteElo "2181"]
[BlackElo "1930"]
[EventDate "2005.06.10"]
[PlyCount "35"]

1.e4 e6 2.d4 d5 3.Nd2 dxe4 4.Nxe4 Nd7 5.Bd3 Ngf6 6.Qe2 c5 7.Nxf6+ Nxf6 8.
dxc5 Bxc5 9.Nf3 O-O 10.Bd2 Qb6 11.O-O-O Bd7 12.Ne5 Rad8 13.Bg5 Be7 14.
Bxh7+ Kxh7 15.Nxd7 Rxd7 16.Rxd7 Nxd7 17.Bxe7 Re8 18.Qd3+ 1-0

[Event "6th EUR-ch (w)"]
[Site "Chisinau MDA"]
[Date "2005.06.22"]
[Round "11"]
[White "Lazo, Xenia"]
[Black "Vasilieva, Maria"]
[Result "1-0"]
[WhiteElo "2001"]
[BlackElo "2124"]
[EventDate "2005.06.10"]
[PlyCount "75"]

1.d4 d5 2.c4 e6 3.Nc3 Nf6 4.cxd5 exd5 5.Bg5 Nbd7 6.e3 c6 7.Bd3 Be7 8.Nf3 
O-O 9.Qc2 Re8 10.O-O Nf8 11.Rae1 Ne4 12.Bxe7 Qxe7 13.Bxe4 dxe4 14.Nd2 f5 
15.f3 exf3 16.Nxf3 Be6 17.e4 fxe4 18.Rxe4 h6 19.Rfe1 Rad8 20.Qf2 Qf7 21.
Ne5 Qxf2+ 22.Kxf2 Nd7 23.Nxc6 bxc6 24.Rxe6 Rf8+ 25.Kg1 Nb6 26.Rd1 Nc4 27.
b3 Nd6 28.d5 Nb5 29.Rxc6 Rf6 30.Rxf6 Nxc3 31.Rff1 Nxd1 32.Rxd1 Kf7 33.Kf2 
Kf6 34.Ke3 Ke5 35.d6 Rd7 36.Rd4 Rxd6 37.Rxd6 Kxd6 38.Kd4 1-0

[Event "6th EUR-ch (w)"]
[Site "Chisinau MDA"]
[Date "2005.06.22"]
[Round "11"]
[White "Cherednichenko, Elena"]
[Black "Coimbra, Margarida"]
[Result "1-0"]
[WhiteElo "1969"]
[BlackElo "2098"]
[EventDate "2005.06.10"]
[PlyCount "149"]

1.d4 d5 2.c4 c6 3.e3 Nf6 4.Nc3 e6 5.Nf3 Nbd7 6.Be2 Bd6 7.O-O O-O 8.b3 dxc4
9.bxc4 e5 10.Qc2 Re8 11.Nd2 Qe7 12.Bd3 Nf8 13.d5 Ng6 14.Bxg6 hxg6 15.e4 
Bd7 16.Qb3 Rab8 17.a4 Rec8 18.Ba3 Bxa3 19.Qxa3 Qxa3 20.Rxa3 cxd5 21.exd5 
Ne8 22.Nd1 Nd6 23.Nb2 b6 24.Re1 f6 25.f3 Rc7 26.Rb3 Rbc8 27.Kf2 Kf7 28.Ne4
Nxe4+ 29.Rxe4 Rc5 30.Rb4 Bf5 31.Re2 Bd7 32.h3 g5 33.Ke1 R8c7 34.Kf2 Rc8 
35.Ke1 R8c7 36.Kd1 Bc8 37.Rb5 Ba6 38.Rxc5 Rxc5 39.Rc2 Ke7 40.Kd2 Bc8 41.
Kc3 Bd7 42.Kb4 Bf5 43.Rd2 Kd6 44.Nd1 a6 45.Nc3 Bg6 46.Ne4+ Bxe4 47.fxe4 
a5+ 48.Kc3 Rc8 49.Rb2 Kc7 50.c5 bxc5 51.Kc4 Kd6 52.Rb6+ Kd7 53.Rb5 Kd6 54.
Rxa5 Rb8 55.Rb5 Ra8 56.a5 Ra7 57.Rxc5 Ra6 58.Kb4 g6 59.g4 f5 60.gxf5 gxf5 
61.exf5 Ra8 62.Kc4 e4 63.Kd4 Re8 64.Rc6+ Kd7 65.Re6 Rh8 66.a6 Rxh3 67.Kxe4
Rh8 68.a7 Rf8 69.f6 g4 70.Kf4 g3 71.Kxg3 Kc7 72.Kf4 Kb7 73.Re7+ Kb6 74.f7 
Kc5 75.Ke5 1-0

[Event "6th EUR-ch (w)"]
[Site "Chisinau MDA"]
[Date "2005.06.22"]
[Round "11"]
[White "Babei, Angelica"]
[Black "Andronic, Iulia"]
[Result "1/2-1/2"]
[WhiteElo "1843"]
[BlackElo "2085"]
[EventDate "2005.06.10"]
[PlyCount "167"]

1.e4 Nf6 2.e5 Nd5 3.d4 d6 4.c4 Nb6 5.exd6 cxd6 6.Nc3 g6 7.Be3 Bg7 8.Rc1 
Nc6 9.b3 O-O 10.d5 Ne5 11.Be2 Ned7 12.f4 Re8 13.Nf3 Nf6 14.O-O Nbd7 15.Qd2
Nc5 16.b4 Nce4 17.Nxe4 Nxe4 18.Qc2 Nf6 19.Bd4 Nh5 20.Bxg7 Nxg7 21.a3 Nf5 
22.Qd3 a5 23.Kh1 axb4 24.axb4 e6 25.dxe6 Bxe6 26.Nd4 Qb6 27.Nxf5 Bxf5 28.
Qd2 Ra4 29.b5 Qc5 30.Rfd1 Re6 31.Bf3 Be4 32.Bxe4 Rxe4 33.Qxd6 Qxd6 34.Rxd6
Raxc4 35.Rdd1 Rxf4 36.g3 Rxc1 37.Rxc1 Rb4 38.Rc5 b6 39.Rd5 Rb2 40.h4 Kf8 
41.h5 Kg7 42.hxg6 hxg6 43.g4 Kh6 44.Kg1 f6 45.Kf1 Kg7 46.Rd7+ Kf8 47.Rd6 
Rxb5 48.Rxf6+ Kg7 49.Rc6 Kh6 50.Kg2 Rb3 51.Kf2 Kg5 52.Kg2 b5 53.Kf2 Rb1 
54.Kf3 Rb3+ 55.Kf2 Rb2+ 56.Kf3 Rb3+ 57.Kf2 Rb1 58.Kf3 Rb4 59.Kf2 Rc4 60.
Rb6 b4 61.Kf3 Rf4+ 62.Ke3 Rxg4 63.Kf3 Rc4 64.Kf2 Kh4 65.Kg2 g5 66.Rb8 Kg4 
67.Kf2 Rc2+ 68.Ke3 Rc4 69.Kf2 Rf4+ 70.Kg2 Rc4 71.Kf2 Kf5 72.Rb5+ Kf6 73.
Rb6+ Kf5 74.Rb5+ Kf4 75.Ke2 g4 76.Rb8 g3 77.Kd3 Rc3+ 78.Kd2 Rc4 79.Kd3 
Rc3+ 80.Kd2 Rb3 81.Kc2 Rc3+ 82.Kd2 Rb3 83.Kc2 Rc3+ 84.Kd2 1/2-1/2

[Event "6th EUR-ch (w)"]
[Site "Chisinau MDA"]
[Date "2005.06.22"]
[Round "11"]
[White "Kalinina, Larisa"]
[Black "Vartic, Irina"]
[Result "1-0"]
[WhiteElo "2177"]
[BlackElo "1948"]
[EventDate "2005.06.10"]
[PlyCount "101"]

1.e4 e5 2.d4 exd4 3.Qxd4 Nc6 4.Qe3 d6 5.Nc3 Nf6 6.Bd2 Be6 7.O-O-O g6 8.Nf3
Bg7 9.Ng5 Qd7 10.Nxe6 fxe6 11.Bc4 O-O-O 12.Qh3 d5 13.Bg5 Ne5 14.Be2 c6 15.
f4 Nf7 16.Bxf6 Bxf6 17.exd5 Bxc3 18.dxe6 Bd2+ 19.Kb1 Qe7 20.exf7+ Kb8 21.
Bc4 Bxf4 22.Rde1 Qb4 23.Bb3 Qd4 24.c3 Qd2 25.g3 Bg5 26.Qe6 Rhf8 27.Qe5+ 
Ka8 28.Rd1 Qe3 29.Rxd8+ Rxd8 30.Qxe3 Bxe3 31.Re1 Bc5 32.Re8 Rb8 33.Be6 a6 
34.Bc8 Ka7 35.f8=Q Bxf8 36.Rxf8 Kb6 37.Rg8 Kc7 38.Be6 Rxg8 39.Bxg8 h6 40.
h4 Kd6 41.Bf7 g5 42.hxg5 hxg5 43.Kc2 Ke5 44.g4 a5 45.Be8 Kf4 46.Bd7 Ke5 
47.Kd3 Kd6 48.Bc8 b6 49.Ke4 Kc7 50.Be6 Kd6 51.Kf5 1-0